Inside the world of Roblox / (Record no. 240169)
[ view plain ]
| 000 -LEADER | |
|---|---|
| fixed length control field | 01768aam a2200433 i 4500 |
| 001 - CONTROL NUMBER | |
| control field | on1057726121 |
| 003 - CONTROL NUMBER IDENTIFIER | |
| control field | OCoLC |
| 005 - DATE AND TIME OF LATEST TRANSACTION | |
| control field | 20190111143919.0 |
| 008 - FIXED-LENGTH DATA ELEMENTS--GENERAL INFORMATION | |
| fixed length control field | 181024s2018 nyua c 000 0 eng d |
| 010 ## - LIBRARY OF CONGRESS CONTROL NUMBER | |
| LC control number | bl2018190513 |
| 020 ## - INTERNATIONAL STANDARD BOOK NUMBER | |
| International Standard Book Number | 9780062862600 |
| Qualifying information | (hbk.) |
| 020 ## - INTERNATIONAL STANDARD BOOK NUMBER | |
| International Standard Book Number | 006286260X |
| Qualifying information | (hbk.) |
| 035 ## - SYSTEM CONTROL NUMBER | |
| System control number | 1191920 |
| 040 ## - CATALOGING SOURCE | |
| Original cataloging agency | NjBwBT |
| Language of cataloging | eng |
| Transcribing agency | PNX |
| Description conventions | rda |
| Modifying agency | PNX |
| -- | TnLvILS |
| 092 ## - LOCALLY ASSIGNED DEWEY CALL NUMBER (OCLC) | |
| Classification number | junior |
| 100 1# - MAIN ENTRY--PERSONAL NAME | |
| Personal name | Cox, Alexander, |
| Relator term | author. |
| 9 (RLIN) | 5763276 |
| 245 10 - TITLE STATEMENT | |
| Title | Inside the world of Roblox / |
| Statement of responsibility, etc | written by Alexander Cox and Craig Jelley ; illustrations by Ryan Marsh, John Stuckey, and Joe Bolder. |
| 250 ## - EDITION STATEMENT | |
| Edition statement | First US edition. |
| 264 #1 - Production, Publication, Distribution, Manufacture, and Copyright Notice. | |
| Place of production, publication, distribution, manufacture | New York, NY : |
| Name of producer, publisher, distributor, manufacturer | Harper, an imprint of HarperCollinsPublishers, |
| Date of production, publication, distribution, manufacture, or copyr | 2018. |
| 300 ## - PHYSICAL DESCRIPTION | |
| Extent | 68 pages : |
| Other physical details | color illustrations ; |
| Dimensions | 30 cm. |
| 336 ## - Content Type | |
| Content type term | text |
| 336 ## - Content Type | |
| Content type term | still image |
| 337 ## - Media type | |
| Media type term | unmediated |
| 338 ## - Carrier type | |
| Carrier type term | volume |
| 500 ## - GENERAL NOTE | |
| General note | "Official Roblox licensed product"--Cover. |
| 520 ## - SUMMARY, ETC. | |
| Summary, etc | Presents an inside look at the Roblox world, introducing talented members of the community and providing insider information on the games. |
| 650 #0 - SUBJECT ADDED ENTRY--TOPICAL TERM | |
| Topical term or geographic name as entry element | Roblox (Computing platform) |
| Form subdivision | Juvenile literature. |
| 9 (RLIN) | 5763265 |
| 650 #0 - SUBJECT ADDED ENTRY--TOPICAL TERM | |
| Topical term or geographic name as entry element | Video games |
| General subdivision | Design |
| Form subdivision | Juvenile literature. |
| 9 (RLIN) | 5697479 |
| 650 #0 - SUBJECT ADDED ENTRY--TOPICAL TERM | |
| Topical term or geographic name as entry element | Internet games |
| General subdivision | Design |
| Form subdivision | Juvenile literature. |
| 9 (RLIN) | 5763277 |
| 650 #1 - SUBJECT ADDED ENTRY--TOPICAL TERM | |
| Topical term or geographic name as entry element | Roblox (Computing platform). |
| 9 (RLIN) | 5763278 |
| 650 #1 - SUBJECT ADDED ENTRY--TOPICAL TERM | |
| Topical term or geographic name as entry element | Video games |
| General subdivision | Design. |
| 9 (RLIN) | 100206 |
| 650 #1 - SUBJECT ADDED ENTRY--TOPICAL TERM | |
| Topical term or geographic name as entry element | Internet games |
| General subdivision | Design. |
| 9 (RLIN) | 5763279 |
| 700 1# - ADDED ENTRY--PERSONAL NAME | |
| Personal name | Jelley, Craig, |
| Relator term | author. |
| 9 (RLIN) | 5763280 |
| 700 1# - ADDED ENTRY--PERSONAL NAME | |
| Personal name | Marsh, Ryan, |
| Relator term | illustrator. |
| 9 (RLIN) | 5763281 |
| 700 1# - ADDED ENTRY--PERSONAL NAME | |
| Personal name | Stuckey, John, |
| Relator term | illustrator. |
| 9 (RLIN) | 5763282 |
| 700 1# - ADDED ENTRY--PERSONAL NAME | |
| Personal name | Bolder, Joe, |
| Relator term | illustrator. |
| 9 (RLIN) | 5763283 |
| 907 ## - LOCAL DATA ELEMENT G, LDG (RLIN) | |
| a | .b397546567 |
| 942 ## - ADDED ENTRY ELEMENTS (KOHA) | |
| Source of classification or shelving scheme | Dewey Decimal Classification |
| Koha item type | BOOK |
| Withdrawn status | Lost status | Source of classification or shelving scheme | Damaged status | Not for loan | Collection code | Home library | Current library | Shelving location | Date acquired | Source of acquisition | Total Checkouts | Total Renewals | Full call number | Barcode | Checked out | Date last seen | Date checked out | Cost, replacement price | Price effective from | Koha item type |
|---|---|---|---|---|---|---|---|---|---|---|---|---|---|---|---|---|---|---|---|---|
| Long Overdue (Lost) | Dewey Decimal Classification | Junior NonFiction | Wasatch County Library | Wasatch County Library | Second Floor | 03/12/2021 | Baker & Taylor | 20 | 18 | J 794.8 Cox | 34301001314840 | 08/26/2023 | 06/30/2023 | 06/30/2023 | 10.99 | 03/12/2021 | BOOK |
